000
00303 a2200145 4500
001
177134
020
_a
040
_c
Magnum
100
_a
-
240
1
0
_a
Os pensadores: schopenhauer
_l
por
245
1
0
_a
Os pensadores: schopenhauer
362
0
_a
1899
697
_a
MAGNITO: FILOSOFIA
942
_c
BK
999
_c
177134
_d
177134